The United States Congress : (Record no. 2473)

MARC details
000 -LEADER
fixed length control field 01049cam a2200301 a 4500
001 - CONTROL NUMBER
control field 4714073
003 - CONTROL NUMBER IDENTIFIER
control field OSt
005 - DATE AND TIME OF LATEST TRANSACTION
control field 20230623121525.0
008 - FIXED-LENGTH DATA ELEMENTS--GENERAL INFORMATION
fixed length control field 830408r19831982nju b 100 0 eng
010 ## - LIBRARY OF CONGRESS CONTROL NUMBER
LC control number 83007992
020 ## - INTERNATIONAL STANDARD BOOK NUMBER
International Standard Book Number 0878559396 (pbk.) :
Terms of availability $14.95
040 ## - CATALOGING SOURCE
Original cataloging agency DLC
Transcribing agency DLC
Modifying agency DLC
043 ## - GEOGRAPHIC AREA CODE
Geographic area code n-us---
050 00 - LIBRARY OF CONGRESS CALL NUMBER
Classification number JK1041
Item number .T48 1981a
082 00 - DEWEY DECIMAL CLASSIFICATION NUMBER
Classification number 328.73
Edition number 19
Item number HAL
111 2# - MAIN ENTRY--MEETING NAME
Meeting name or jurisdiction name as entry element Thomas P. O'Neill, Jr., Symposium on the U.S. Congress
Date of meeting (1981 :
Location of meeting Boston College)
245 14 - TITLE STATEMENT
Title The United States Congress :
Remainder of title [proceedings] /
Statement of responsibility, etc. edited by Dennis Hale.
250 ## - EDITION STATEMENT
Edition statement Transaction ed.
260 ## - PUBLICATION, DISTRIBUTION, ETC. (IMPRINT)
Place of publication, distribution, etc. New Brunswick, U.S.A. :
Name of publisher, distributor, etc. Transaction Books,
Date of publication, distribution, etc. 1983, c1982.
300 ## - PHYSICAL DESCRIPTION
Extent xxvii, 360 p. ;
Dimensions 23 cm.
500 ## - GENERAL NOTE
General note Reprint. Originally published: Chestnut Hill, Mass. : Boston College, c1982.
504 ## - BIBLIOGRAPHY, ETC. NOTE
Bibliography, etc Includes bibliographical references.
610 10 - SUBJECT ADDED ENTRY--CORPORATE NAME
Corporate name or jurisdiction name as entry element United States.
Subordinate unit Congress
General subdivision Congresses.
700 1# - ADDED ENTRY--PERSONAL NAME
Personal name Hale, Dennis
Fuller form of name (Dennis B.)
710 2# - ADDED ENTRY--CORPORATE NAME
Corporate name or jurisdiction name as entry element Boston College.
906 ## - LOCAL DATA ELEMENT F, LDF (RLIN)
a 7
b cbc
c orignew
d 1
e ocip
f 19
g y-gencatlg
942 ## - ADDED ENTRY ELEMENTS (KOHA)
Source of classification or shelving scheme Dewey Decimal Classification
Koha item type Books
Holdings
Withdrawn status Lost status Source of classification or shelving scheme Damaged status Not for loan Home library Current library Date acquired Total Checkouts Full call number Barcode Date last seen Price effective from Koha item type
    Dewey Decimal Classification     County Hall Archives County Hall Archives 06/23/2023   328.73 HAL 10001292 06/23/2023 06/23/2023 Books
LIBRARY OPENING HOURS

When the Parliament is sitting: 8.00a.m - 7.00p.m or until the house adjourns
Mondays and Fridays and when the House is on Recess:  8.00a.m - 5.00p.m
Closed on Weekends and Public Holidays

Online Public Access Catalog (OPAC)
Website: http://www.parliament.go.ke
Bunge Library: https://libraryir.parliament.go.ke
Contact: library@parliament.go.ke | Tel no: (254-2)2221291 or 2848000 Ext 5043